| 000 | 01076nam a2200241Ia 4500 | ||
|---|---|---|---|
| 003 | Ost | ||
| 005 | 20260507075127.0 | ||
| 008 | 260507s9999||||xx |||||||||||||| ||und|| | ||
| 020 | _a9960403017 | ||
| 040 | _cfsecg | ||
| 041 | _aara | ||
| 082 | _a330 | ||
| 100 |
_aكريستوفر، لوك _eمؤلف |
||
| 245 | 0 |
_aتسويق غوزو / _c لوك كريستوفر |
|
| 246 | _aالكسب من خلال أسوأ الممارسات | ||
| 260 |
_aالرياض: _bمكتبة العبيكان, _c2004 |
||
| 300 |
_a396 صفحة؛ _c23 سم |
||
| 520 | _aمن ارتفاع ثمانية أميال:مشهد من ارتفاع 40.000قدم-عرض القيمة-الرمز المتميز في ميدان التسويق-التسويق الإجتماعي والصحافة الجماهيرية-من وسائل إعلام الميكرو إلى أسواق الميكرو- نموذج غونزو | ||
| 653 | _aالتسويق الإجتماعي | ||
| 653 | _aالرمز المتميز | ||
| 700 |
_aالشهابي، ابراهيم يحي _eمؤلف ثانوي |
||
| 942 | _cكتاب | ||
| 999 |
_c43167 _d43167 |
||